000 00420nam a22001697a 4500
003 MPLRDC
005 20220104125615.0
008 210129b ||||| |||| 00| 0 eng d
082 _a857.9 NK-4 v.2 c.2
100 _a倪匡
245 _a无情剑. 下
_c
260 _a
_b金兰文化出版社
_c1981
300 _b
490 _a倪匡小说专辑. 13
650 _a武侠小说
942 _cBK
_o857.9 NK-4 v.2 c.2
999 _c28711
_d28701